The Garland encyclopedia of world music

Expert writers present the major traditions of North Africa, the Middle East, and Central Asia, together with personal accounts of performers, composers, teachers, and ceremonies. A special feature of this volume is the inclusion of dozens of brief snap-shot essays that offer "lifestories"...

Celý popis

Uloženo v:
Podrobná bibliografie
Hlavní autor: Danielson, Virginia
Médium: Kniha
Jazyk:Undetermined
Vydáno: New York Routledge 2002
Témata:
Tagy: Přidat tag
Žádné tagy, Buďte první, kdo otaguje tento záznam!
Thư viện lưu trữ: Trung tâm Học liệu Trường Đại học Cần Thơ
LEADER 01470nam a2200205Ia 4500
001 CTU_213595
008 210402s9999 xx 000 0 und d
082 |a 780.9 
082 |b D186/Vol.6 
100 |a Danielson, Virginia 
245 4 |a The Garland encyclopedia of world music 
245 0 |c Virginia Danielson, Scott Marcus, Dwight Reynolds 
260 |a New York 
260 |b Routledge 
260 |c 2002 
520 |a Expert writers present the major traditions of North Africa, the Middle East, and Central Asia, together with personal accounts of performers, composers, teachers, and ceremonies. A special feature of this volume is the inclusion of dozens of brief snap-shot essays that offer "lifestories" of typical musicmakers and their art, as well as first-person descriptions of specific music performances and events. Approximately 120 articles cover communities that preserve and enrich centuries-old traditions: "Music of the Jews of Djerba, Tunisia," "Following the Entranced Ones: Gnawa Performances and Trance in Rabat, Morocco," "Women's Music of the Arabian Peninsula," and "Vocal Music of Tuva." The volume explores such topics as political dissent, pop music genres, technology, poetry, gender, and the historical and scholarly roots of Middle Eastern music. 
650 |a Music,Folk music,Popular music 
650 |x Encyclopedias,Encyclopedias,Encyclopedias 
904 |i Tuyến 
980 |a Trung tâm Học liệu Trường Đại học Cần Thơ